| 000 | 00387nam a2200145 a 4500 | ||
|---|---|---|---|
| 001 | 000036437 | ||
| 005 | 20200930075730.0 | ||
| 008 | 120117s19uu dr b 000 0 spa d | ||
| 040 |
_aDO-SdBNP _bspa _cBNPHU |
||
| 082 |
_axxxx _bxxxx |
||
| 100 | 1 |
_aBaurin, jeanne _962656 |
|
| 245 | 1 | 3 |
_aLe bonheur est une femme / : _bJeanne Bourin. |
| 260 |
_a[s.n.], _c[19uu]? |
||
| 300 |
_a462p. ; _c20 cm. |
||
| 999 |
_c35928 _d35928 |
||